Statistiche per Quiz sulla Sicilia

Clicka qui per fare il quiz!

Statistiche generali

  • Questo quiz è stato fatto 503 volte
  • Il punteggio medio è 17 su 24

Statistiche sulle risposte

CategoriaDomandaRisposta% Corretto
GeografiaCapoluogoPalermo
99%
GeografiaPiu alto vulcano in EuropaEtna
98%
GeografiaSepara la penisola italiana dalla SiciliaStretto di {Messina}
97%
GeografiaSeconda città più grandeCatania
95%
GastronomiaPalle di riso fritto ed impanato, farcite con ragùArancini
85%
GeografiaMare al nord dell' isolaMar Tirreno
85%
GeografiaIsola e maggior punto di ingresso per migranti venuti dall' AfricaLampedusa
84%
GastronomiaTubo fritto riempito di ricottaCannolo
83%
GeografiaFamosa zona archeologica ad AgrigentoValle dei {Templi}
82%
GeografiaArcipelago in quel mare con un importante attività vulcanicaIsole Eolie
79%
StoriaEvento del 1861 che ha visto l'annessione del Regno delle Due Sicilie dall' ItaliaSpedizione dei {Mille}
78%
GeografiaVulcano il più attivo di queste isoleStromboli
78%
GastronomiaTorta tradizionale con pan di spagna, ricotta e frutti canditiCassata
70%
StoriaCittà fondata dai Greci, dove nacque ArchimedeSiracusa
68%
Cultura e societàNome alternativo della mafia sicilianaCosa nostra
66%
StoriaSanta patrona del capoluogoSanta Rosalia
55%
StoriaNome datta all'isola dai Greci a cause della sua forma triangolareTrinacria
54%
StoriaForma di stato della Sicilia fino al secolo XIEmirato
52%
Cultura e societàDrammaturgo siciliano che ha vinto il Premio Nobel di letteratura nel 1934Luigi Pirandello
51%
GastronomiaVino liquoroso che entra nella ricetta tradizionale del tiramisùMarsala
51%
Cultura e societàTradizionale teatro delle marionnetteOpera dei {Pupi}
50%
Cultura e societàFamilia fittiva siciliana, prottagonista del "Padrino"Corleone
43%
GeografiaFiumi più lunghiSimeto
32%
GeografiaFiumi più lunghiSalso
23%

Distribuzione punteggi

Percentile per numero di risposta

Percentuale di utenti per punteggio

I tuoi punteggi nel tempo

Non hai fatto questo quiz